00519nam a2200193 a 4500001001300000003000900013005001700022008004100039020001000080082001900090100002100109245002200130260004000152300001000192500003500202505004700237650002000284700002100304nice12345678IN_TiNIC20260116011334.0050524s1960 lona grp 000 0 eng  ac10000a297.09598bGEE aGeertz, Clifford aReligion of Java. aLondonbFree Press of Glencoec1960 a392p. aincludes index and biblioraphy2 aNotes, Dates, Biblical passages, and index aIslam-Indonesia1 aGeertz, Clifford